000
00297nam a22001217a 4500
008
170424b xxu||||| |||| 00| 0 eng d
041
_a
eng
080
_2
6 ED
_a
54
100
_a
12
101
_a
SHM
245
_a
A BASIC MATH PPROACH TO CONCEPTS OF CHEMISTRY
_c
MICHELS.L
942
_2
udc
_c
BK
999
_c
11708
_d
11708